000
00275nam a2200121 a 4500
005
20141022142003.0
008
120308s19uu xx 00 eng d
050
_a
CD-ROM
_b
K28 2007
245
_a
Psychiatric nursing.
250
_a
5th ed.
260
_c
2007.
942
_c
AVM
999
_c
276384
_d
276384